| 000 | 01206nam a2200205 a 4500 | ||
|---|---|---|---|
| 001 | 000046310 | ||
| 005 | 20250123094354.0 | ||
| 008 | 150722s2010 dr abc 000 0 spa d | ||
| 040 |
_aDO-SdBNP _bspa _cBNPHU |
||
| 082 |
_axxxx _bxxxx |
||
| 100 | 1 |
_aDíaz Herrera, Miguel Ángel _d1950- _978207 |
|
| 245 | 1 | 0 |
_aCevicos en la historia dominicana / _cMiguel Ángel Díaz Herrera ; prólogo Ramón Paniagua Herrera. |
| 260 |
_aSanto Domingo : _bImpresos La Escalera, _c2010. |
||
| 300 |
_a240 p. : _bil., mapas, retrs. ; _c21 cm. |
||
| 500 | _aIncluye datos biográficos del autor en la solapa de la contracubierta | ||
| 500 | _aIncluye referencias bibliográficas y notas al pie de las páginas. | ||
| 504 | _aBibliografía : p. 237-340 | ||
| 505 | 0 |
_gCapítulo I -- _tCevicos. Su ubicación geográfica -- _gCapítulo II -- _tOrígenes del pueblo de cevicos -- _gCapítulo III -- _tCevicos en el siglo XVII - _gCapítulo IV -- _tDatos cronológicos del siglo XIX - _gCapítulo V -- _tCronología de cevicos en el siglo XX -- _gCapítulo VI -- _tCevicos desde 1980 hasta la actualidad -- _gCapítulo VII -- _tPartición y saneamiento territorial del sitio de cevicos. |
|
| 700 | 1 | 2 |
_aPaniagua Herrera, Ramón, _epról. _974328 |
| 999 |
_c45799 _d45799 |
||